HOW TO LEAD YOUR BUSINESS BEYOND TQM MAK (Record no. 7546)

MARC details
000 -LEADER
fixed length control field 00360nam a2200133Ia 4500
008 - FIXED-LENGTH DATA ELEMENTS--GENERAL INFORMATION
fixed length control field 240624s9999 xx 000 0 und d
041 ## - LANGUAGE CODE
Language code of text/sound track or separate title eng
082 ## - DEWEY DECIMAL CLASSIFICATION NUMBER
Classification number 658.4013 JOY
100 ## - MAIN ENTRY--PERSONAL NAME
Personal name JOYCE MICHAEL E
245 ## - TITLE STATEMENT
Title HOW TO LEAD YOUR BUSINESS BEYOND TQM MAK
260 ## - PUBLICATION, DISTRIBUTION, ETC.
Date of publication, distribution, etc. 1995
Place of publication, distribution, etc. London
Name of publisher, distributor, etc. Pitman Publishing
300 ## - PHYSICAL DESCRIPTION
Extent xvii, : 254 : p. : cm. ; 23
365 ## - TRADE PRICE
Currency code BPS
Price amount 35
Holdings
Withdrawn status Lost status Damaged status Not for loan Home library Current library Shelving location Date acquired Source of acquisition Cost, normal purchase price Full call number Barcode Date last seen Copy number Price effective from Koha item type
        IMTN IMTN Rack 27-B 11/30/2007 BU 25.00 658.4013 JOY 7546 06/24/2024 80.52 06/24/2024 Books
Designed & Maintained by: LRC IMT Nagpur Contact: lrc@imtnag.ac.in© 2024. All Rights Reserved.